000
00242nam a2200109Ia 4500
100
_a
YADAV/R.
942
_c
BK
245
_a
FUND.OF ENGG.THERMODYNAMICS
260
_b
CENTRAL PUBLICATION
_a
Allahabad
_c
2009
300
_a
1047
546
_a
ENGLISH
999
_c
30327
_d
30327